ChemConnections activity workbook/ (Record no. 10476)

000 -LEADER
fixed length control field 00574nam a2200169 4500
008 - FIXED-LENGTH DATA ELEMENTS--GENERAL INFORMATION
fixed length control field 151205b xxu||||| |||| 00| 0 eng d
020 ## - INTERNATIONAL STANDARD BOOK NUMBER
International Standard Book Number 9780393913057
050 ## - LIBRARY OF CONGRESS CALL NUMBER
Classification number QD 40.A58 2013
100 ## - MAIN ENTRY--PERSONAL NAME
Personal name Anthony, Sharon.
Dates associated with a name 2013
245 ## - TITLE STATEMENT
Title ChemConnections activity workbook/
Statement of responsibility, etc. Sharon Anthony, Kevin L. Braun and Heather Mernitz
260 ## - PUBLICATION, DISTRIBUTION, ETC. (IMPRINT)
Place of publication, distribution, etc. London;
Name of publisher, distributor, etc. W.W.Norton & Company,
Date of publication, distribution, etc. 2013.
300 ## - PHYSICAL DESCRIPTION
Extent xxi, 326 p. : ill.
Other physical details Includes index.
650 ## - SUBJECT ADDED ENTRY--TOPICAL TERM
Topical term or geographic name as entry element Chemistry.
700 ## - ADDED ENTRY--PERSONAL NAME
Personal name Braun, Kevin L.
700 ## - ADDED ENTRY--PERSONAL NAME
Personal name Mernitz, Heather.
942 ## - ADDED ENTRY ELEMENTS (KOHA)
Source of classification or shelving scheme
Koha item type Hard Covered Materials
Classification part QD 40.A58 2013
Holdings
Withdrawn status Lost status Source of classification or shelving scheme Damaged status Not for loan Home library Current library Date acquired Source of acquisition Total Checkouts Full call number Barcode Date last seen Price effective from Koha item type
          MACHAKOS UNIVERSITY LIBRARY MACHAKOS UNIVERSITY LIBRARY 05/12/2015 Donation (B.F.A)   QD 40.A58 2013 19711 05/12/2015 05/12/2015 Hard Covered Materials
© Machakos University Library, Along The Highway, Machakos Wote Rd, Machakos, Kenya P.O. Box 136 - 90100 Machakos - Kenya

Tel: ( +254 ) 723 805829 OR Fax : 044-20353 OR Email: library@mksu.ac.ke